| 000 | 01114nam a22002057a 4500 | ||
|---|---|---|---|
| 999 |
_c59237 _d59237 |
||
| 003 | Ge_BSU | ||
| 005 | 20221222124226.0 | ||
| 008 | 221222s1979ge xxu||||| |||| 00| 0 geo d | ||
| 041 | _ageo | ||
| 080 | _a821.353.1(092ბარათაშვილი, ნ.) გ-30 | ||
| 100 |
_aგელოვანი, აკაკი, ავტ. _916523 |
||
| 245 |
_aსვეტი ნათლისა : _b[ნ. ბარათაშვილის ცხოვრება და შემოქმედება]. / _c აკაკი გელოვანი, რედ.ა. ჟორდანია |
||
| 250 | _aმე-2 გამოც. | ||
| 264 |
_aთბილისი : _bგანათლება, _c1979. |
||
| 300 |
_a475გვ. _bპორტრ. ; _c22 სმ. |
||
| 440 |
_a"განათლების" ბიბლიოთეკა _916224 |
||
| 653 | _aლიტერატურის ისტორია და კრიტიკა -- ქართული ლიტერატურა. | ||
| 700 |
_aჟორდანია, ა _eრედაქტორი _94681 |
||
| 942 |
_2udc _cBK |
||